=LDR 00000nam 2200000 4500 =001 INLIS000000000012150 =005 20130612103706 =008 ***********************************Ind** =035 ##$$0010-061300000012150 =041 ##$$a Ind =082 ##$$a 581.1 =090 ##$$a 581.1, Jun p =100 ##$$a Juntak, F.S =245 ##$$a paru-paru ada daunnya, F.S.Juntek =260 ##$$a Sastra budaya6c1979 $b Jakarta =300 ##$$a 59 hlm., Ilus, 21 cm =650 ##$$a Tumbuhan - tumbuhan =850 ##$$a NBPNMAT